000 00248nam a2200109Ia 4500
008 200302s9999 xx 000 0 und d
100 _aAuthor
245 _aManual on Human Settlements
260 _bIysh Context
260 _c1990
300 _a208 P.,
999 _c5644
_d5644